Baby penguin at home on the ice / (Record no. 50234)
| 000 -LEADER | |
|---|---|
| fixed length control field | 00324nam a2200109 4500 |
| 020 ## - INTERNATIONAL STANDARD BOOK NUMBER | |
| International Standard Book Number | 9780785312208 |
| 100 ## - MAIN ENTRY--PERSONAL NAME | |
| Personal name | Boudart, Jennifer |
| 9 (RLIN) | 39355 |
| 245 ## - TITLE STATEMENT | |
| Title | Baby penguin at home on the ice / |
| Statement of responsibility, etc | Jennifer Boudart & Lori Nelson Field |
| 260 ## - PUBLICATION, DISTRIBUTION, ETC. (IMPRINT) | |
| Place of publication, distribution, etc | London |
| Name of publisher, distributor, etc | Pil Books |
| Date of publication, distribution, etc | 2009 |
| 300 ## - PHYSICAL DESCRIPTION | |
| Extent | unpaged. |
| Other physical details | col. ill. |
| Dimensions | 16 cm. |
| 942 ## - ADDED ENTRY ELEMENTS (KOHA) | |
| Source of classification or shelving scheme | |
| Koha item type | Book |
| Withdrawn status | Lost status | Source of classification or shelving scheme | Damaged status | Not for loan | Home library | Current library | Shelving location | Date acquired | Total Checkouts | Full call number | Barcode | Date last seen | Price effective from | Koha item type |
|---|---|---|---|---|---|---|---|---|---|---|---|---|---|---|
| Asian Hope Early Years Library | Asian Hope Early Years Library | Easy Reading | 03/09/2026 | 598.471 BOU | 207275 | 03/09/2026 | 03/09/2026 | Book |